Loading...
| Literature - American | 0 | 11 | 0 | 2 | 110 | 20 | 90.00 | 5 | 10 | 0.00 | 0.00 |
| Literature - European | 0 | 11 | 1 | 0 | 105 | 14 | 68.18 | 8 | 11 | 0.00 | 0.00 |
| Literature - British | 0 | 11 | 1 | 1 | 105 | 20 | 71.00 | 8 | 10 | 0.00 | 0.00 |
| History - World | 0 | 10 | 0 | 1 | 100 | 17 | 71.20 | 6 | 10 | 0.00 | 0.00 |
| History - European | 0 | 10 | 1 | 2 | 95 | 50 | 86.80 | 4 | 10 | 0.00 | 0.00 |
| Fine Arts - Other | 0 | 9 | 0 | 1 | 90 | 46 | 96.78 | 5 | 7 | 0.00 | 0.00 |
| Science - Chemistry | 0 | 9 | 1 | 0 | 85 | 50 | 84.22 | 7 | 9 | 0.00 | 0.00 |
| Philosophy | 0 | 9 | 1 | 0 | 85 | 32 | 65.44 | 6 | 9 | 0.00 | 0.00 |
| Fine Arts - Painting & Sculpture | 0 | 8 | 0 | 0 | 80 | 56 | 94.63 | 4 | 8 | 0.00 | 0.00 |
| Literature - World | 0 | 9 | 2 | 0 | 80 | 34 | 62.33 | 7 | 9 | 0.00 | 0.00 |
| Science - Physics | 0 | 8 | 2 | 1 | 70 | 75 | 96.00 | 3 | 7 | 0.00 | 0.00 |
| History - Other | 0 | 8 | 2 | 0 | 70 | 56 | 67.00 | 8 | 8 | 0.00 | 0.00 |
| Fine Arts - Classical Music | 0 | 7 | 1 | 1 | 65 | 60 | 108.71 | 2 | 6 | 0.00 | 0.00 |
| Science - Biology | 0 | 6 | 1 | 0 | 55 | 64 | 83.00 | 4 | 6 | 0.00 | 0.00 |
| Social Science | 0 | 7 | 3 | 1 | 55 | 59 | 89.71 | 3 | 6 | 0.00 | 0.00 |
| Mythology | 0 | 5 | 2 | 1 | 40 | 42 | 78.40 | 2 | 4 | 0.00 | 0.00 |
| History - American | 0 | 5 | 2 | 1 | 40 | 51 | 87.80 | 2 | 5 | 0.00 | 0.00 |
| Science - Other | 0 | 4 | 1 | 0 | 35 | 69 | 99.50 | 3 | 4 | 0.00 | 0.00 |
| Religion | 0 | 5 | 3 | 1 | 35 | 54 | 84.40 | 2 | 5 | 0.00 | 0.00 |
| Other | 0 | 4 | 1 | 2 | 35 | 58 | 109.75 | 2 | 3 | 0.00 | 0.00 |